000 00196 a2200097 4500
001 1391
100 _aPerry, C.C
245 _aStrain gage primer
260 _a
_bMcgrawhill
_c
090 _c940
_d940
942 _aNUST-CAE
_cM
_c36267
999 _c236464
_d236464